[Event "Bashkortostan-ch"]
[Site "Ufa"]
[Date "2018.12.19"]
[Round "4"]
[White "Tukhvatullin, Vladislav"]
[Black "Mukhutdinov, Tigran"]
[Result "1/2-1/2"]
[WhiteElo "2284"]
[BlackElo "2251"]
[PlyCount "84"]
[EventDate "2018.12.16"]
[EventType "tourn"]
[EventRounds "9"]
[EventCountry "RUS"]
[SourceTitle "CBM 188 Extra"]
[Source "ChessBase"]
[SourceDate "2019.02.28"]
[SourceVersion "1"]
[SourceVersionDate "2019.02.28"]
[SourceQuality "1"]

1. e4 c5 2. Ne2 Nc6 3. d4 cxd4 4. Nxd4 Nf6 5. Nc3 e5 6. Ndb5 d6 7. Bg5 a6 8. Na3 b5 9. Nd5 Qa5+ 10. Bd2 Qd8 11. Bg5 Be7 12. Bxf6 Bxf6 13. c3 0-0 14. Nc2 Bg5 15. a4 bxa4 16. Rxa4 a5 17. Bc4 Rb8 18. b3 Kh8 19. 0-0 g6 20. Kh1 Bh6 21. Qd3 f5 22. f3 Bd7 23. Raa1 Qh4 24. Rfd1 fxe4 25. Qxe4 Qh5 26. Qe2 e4 27. Rf1 Rbe8 28. fxe4 Bg4 29. Rxf8+ Rxf8 30. Qe1 Bg7 31. Nce3 Ne5 32. Bf1 Nd7 33. h3 Be6 34. Rxa5 Nc5 35. b4 Bxd5 36. Nxd5 Nxe4 37. Nf6 Qd1 38. Qxd1 Nf2+ 39. Kg1 Nxd1 40. Nd7 Rd8 41. Rd5 Rxd7 42. Rxd1 Bxc3 1/2-1/2

[Event "Bashkortostan-ch"]
[Site "Ufa"]
[Date "2017.12.17"]
[Round "9"]
[White "Butorin, Andrey"]
[Black "Tukhvatullin, Vladislav"]
[Result "1/2-1/2"]
[WhiteElo "1959"]
[BlackElo "2286"]
[PlyCount "79"]
[EventDate "2017.12.11"]
[EventType "tourn"]
[EventRounds "9"]
[EventCountry "RUS"]
[SourceTitle "EXT 2019"]
[Source "ChessBase"]
[SourceDate "2018.10.10"]
[SourceVersion "1"]
[SourceVersionDate "2018.10.10"]
[SourceQuality "1"]

1. e4 c5 2. Nf3 e6 3. Nc3 Nc6 4. d4 cxd4 5. Nxd4 Qc7 6. g3 Nf6 7. Bg2 d6 8. Ndb5 Qd8 9. Bf4 e5 10. Bg5 a6 11. Na3 b5 12. Bxf6 Qxf6 13. Nd5 Qd8 14. 0-0 Be6 15. c4 Nd4 16. Nc2 Nxc2 17. Qxc2 Rc8 18. b3 Bxd5 19. exd5 Be7 20. Qe2 bxc4 21. bxc4 Rc5 22. f4 exf4 23. Rxf4 0-0 24. h4 Bf6 25. Raf1 Be5 26. Rg4 f5 27. Rg5 g6 28. Bh3 Bf6 29. Bxf5 Bxg5 30. Be6+ Kg7 31. Rxf8 Be3+ 32. Qxe3 Qxf8 33. h5 gxh5 34. Qg5+ Kh8 35. Qh4 Rc7 36. Kg2 Rg7 37. Qxh5 Rg6 38. Qe2 Qg7 39. Qf2 h5 40. Qf4 1/2-1/2

[Event "Bashkortostan-ch"]
[Site "Ufa"]
[Date "2017.12.16"]
[Round "6"]
[White "Tukhvatullin, Vladislav"]
[Black "Jamilov, Robert F"]
[Result "0-1"]
[WhiteElo "2286"]
[BlackElo "2447"]
[PlyCount "101"]
[EventDate "2017.12.11"]
[EventType "tourn"]
[EventRounds "9"]
[EventCountry "RUS"]
[SourceTitle "EXT 2019"]
[Source "ChessBase"]
[SourceDate "2018.10.10"]
[SourceVersion "1"]
[SourceVersionDate "2018.10.10"]
[SourceQuality "1"]

1. e4 c5 2. Nf3 g6 3. d4 cxd4 4. Nxd4 Bg7 5. Nc3 Nc6 6. Nde2 Rb8 7. a4 a6 8. g3 b5 9. axb5 axb5 10. Bg2 b4 11. Na4 d6 12. Be3 Nf6 13. h3 0-0 14. 0-0 Ba6 15. Qd2 Ne5 16. b3 Qc7 17. Rfc1 Bb7 18. Ba7 Bxe4 19. Bxb8 Rxb8 20. Qe3 Bxg2 21. Kxg2 Qc6+ 22. f3 Nd5 23. Qf2 g5 24. Nd4 Qd7 25. Rd1 Ng6 26. Rac1 Rc8 27. Ne2 Qe6 28. Rxd5 Qxd5 29. Nb6 Qc5 30. Nxc8 Qxc8 31. c3 bxc3 32. Nxc3 h5 33. Qc2 Qc5 34. Ne4 Qe5 35. Qc3 Qd5 36. Qd2 Qxb3 37. Rc8+ Bf8 38. Nxg5 h4 39. Qc2 Qd5 40. Ne4 hxg3 41. Kxg3 Qe5+ 42. Kg2 Qf5 43. Ng3 Nh4+ 44. Kg1 Qxh3 45. Nf1 Nxf3+ 46. Kf2 Nd4 47. Qc3 Qf5+ 48. Kg2 Qe4+ 49. Kh3 f5 50. Ng3 Qg4+ 51. Kh2 0-1

[Event "Bashkortostan-ch"]
[Site "Ufa"]
[Date "2017.12.12"]
[Round "2"]
[White "Tukhvatullin, Vladislav"]
[Black "Tagirov, Artur"]
[Result "1-0"]
[WhiteElo "2286"]
[BlackElo "2088"]
[PlyCount "91"]
[EventDate "2017.12.11"]
[EventType "tourn"]
[EventRounds "9"]
[EventCountry "RUS"]
[SourceTitle "EXT 2019"]
[Source "ChessBase"]
[SourceDate "2018.10.10"]
[SourceVersion "1"]
[SourceVersionDate "2018.10.10"]
[SourceQuality "1"]

1. e4 c5 2. Nf3 Nc6 3. Nc3 d6 4. d4 cxd4 5. Nxd4 Nf6 6. Bg5 e5 7. Ndb5 a6 8. Na3 Be7 9. Nc4 Be6 10. Bxf6 gxf6 11. Ne3 Qa5 12. Bd3 Rc8 13. 0-0 h5 14. Kh1 h4 15. Ncd5 h3 16. g3 Nd4 17. c3 Bxd5 18. Nxd5 Ne6 19. f4 exf4 20. gxf4 Kd7 21. b4 Qd8 22. Qa4+ Rc6 23. b5 axb5 24. Bxb5 Nc5 25. Qd4 Rg8 26. Qe3 Rh8 27. Rf3 Qa5 28. Bxc6+ bxc6 29. Nxe7 Kxe7 30. e5 dxe5 31. fxe5 Ne6 32. exf6+ Kd7 33. Rd1+ Kc7 34. Rxh3 Rxh3 35. Qxh3 Qxa2 36. Qd3 Qb2 37. Qd6+ Kb7 38. Qb4+ Qxb4 39. cxb4 Kb6 40. Rd7 Ng5 41. Kg2 Kb5 42. h4 Ne6 43. Rxf7 Kxb4 44. Re7 Nf4+ 45. Kf3 Ng6 46. h5 1-0

[Event "Sochi IM"]
[Site "Sochi"]
[Date "2013.06.25"]
[Round "4"]
[White "Tukhvatullin, Vladislav"]
[Black "Mischuk, Dmitry"]
[Result "1-0"]
[WhiteElo "2298"]
[BlackElo "2303"]
[PlyCount "67"]
[EventDate "2013.06.22"]
[EventType "tourn"]
[EventRounds "9"]
[EventCountry "RUS"]
[EventCategory "2"]
[SourceTitle "EXT 2014"]
[Source "ChessBase"]
[SourceDate "2013.11.20"]
[SourceVersion "1"]
[SourceVersionDate "2013.11.20"]
[SourceQuality "1"]

1. e4 e6 2. d4 d5 3. Nd2 c5 4. exd5 Qxd5 5. Ngf3 cxd4 6. Bc4 Qd7 7. 0-0 Nf6 8. Nb3 Nc6 9. Nbxd4 Nxd4 10. Nxd4 Qc7 11. Qe2 Bd7 12. Nb5 Bxb5 13. Bxb5+ Nd7 14. Rd1 Rd8 15. Bg5 Be7 16. Rxd7 Rxd7 17. Rd1 Bd6 18. Bxd7+ Qxd7 19. Bf4 Bxf4 20. Rxd7 Kxd7 21. Qe4 Bc7 22. Qxb7 Rb8 23. Qxa7 Rb6 24. Kf1 Rd6 25. Ke2 Rd5 26. c4 Re5+ 27. Kd3 Re1 28. Qa4+ Kd8 29. b4 e5 30. c5 e4+ 31. Kd2 Rf1 32. Ke2 Rb1 33. Qa8+ Kd7 34. Qxe4 1-0

[Event "Ufa-ch sf2"]
[Site "Ufa"]
[Date "2012.05.29"]
[Round "9"]
[White "Melnikov, Sergey"]
[Black "Tukhvatullin, Vladislav"]
[Result "0-1"]
[WhiteElo "2055"]
[BlackElo "2293"]
[PlyCount "72"]
[EventDate "2012.05.21"]
[EventType "swiss"]
[EventRounds "9"]
[EventCountry "RUS"]
[SourceTitle "EXT 2014"]
[Source "ChessBase"]
[SourceDate "2013.11.20"]
[SourceVersion "1"]
[SourceVersionDate "2013.11.20"]
[SourceQuality "1"]

1. e4 c5 2. Nf3 e6 3. d4 cxd4 4. Nxd4 a6 5. Nc3 b5 6. Bd3 Qb6 7. Be3 Bc5 8. Be2 Nc6 9. Nxc6 dxc6 10. Bxc5 Qxc5 11. Qd3 e5 12. 0-0-0 Be6 13. Qg3 Nf6 14. Qxg7 Ke7 15. Qg3 Rhg8 16. Qh4 Rxg2 17. Rhf1 a5 18. Bxb5 Rg4 19. Qh6 cxb5 20. h3 Rf4 21. Rd2 Rg8 22. Nd5+ Bxd5 23. Rxd5 Nxd5 24. exd5 Rg6 25. Qh5 Qxd5 26. Rd1 Rd4 27. Re1 Re4 28. Rd1 Qxa2 29. c3 Rf6 30. f4 Rfxf4 31. Qg5+ Ke6 32. Qh6+ f6 33. Qh5 Qa1+ 34. Kc2 Qa4+ 35. Kb1 b4 36. Qxh7 Qxd1+ 0-1

[Event "Ufa-ch sf2"]
[Site "Ufa"]
[Date "2012.05.22"]
[Round "2"]
[White "Tavragov, Rustem"]
[Black "Tukhvatullin, Vladislav"]
[Result "0-1"]
[WhiteElo "1793"]
[BlackElo "2293"]
[PlyCount "78"]
[EventDate "2012.05.21"]
[EventType "swiss"]
[EventRounds "9"]
[EventCountry "RUS"]
[SourceTitle "EXT 2014"]
[Source "ChessBase"]
[SourceDate "2013.11.20"]
[SourceVersion "1"]
[SourceVersionDate "2013.11.20"]
[SourceQuality "1"]

1. e4 c5 2. Nf3 e6 3. d4 cxd4 4. Nxd4 a6 5. c4 Nf6 6. Nc3 d6 7. Be2 b6 8. Be3 Bb7 9. f3 Nbd7 10. 0-0 Be7 11. Qd2 0-0 12. Rfc1 Rc8 13. a4 Ne5 14. b3 Qc7 15. a5 bxa5 16. Qa2 Bd8 17. Na4 Ned7 18. c5 dxc5 19. Nc2 Qb8 20. Kh1 Bc7 21. Bg1 g5 22. Nxc5 Nxc5 23. Bxc5 Bxh2 24. Ne3 Bf4 25. Qxa5 Nh5 26. Kg1 Bh2+ 27. Kf1 Qf4 28. Ng4 Ng3+ 29. Ke1 Nxe4 30. fxe4 Bg3+ 31. Kd1 Rfd8+ 32. Kc2 Rxc5+ 33. Qxc5 Rc8 34. Qxc8+ Bxc8 35. Kb2 Bb7 36. Bf3 h5 37. Nh6+ Kg7 38. Bxh5 Qd2+ 39. Rc2 Be5+ 0-1

[Event "Ufa Kopylov Memorial op-B 8th"]
[Site "Ufa "]
[Date "2011.12.18"]
[Round "2.22"]
[White "Tukhvatullin, Vladislav"]
[Black "Jamilov, Robert F"]
[Result "1/2-1/2"]
[WhiteElo "2293"]
[BlackElo "2372"]
[PlyCount "87"]
[EventDate "2011.12.15"]
[EventType "k.o."]
[EventRounds "7"]
[EventCountry "RUS"]
[SourceTitle "EXT 2014"]
[Source "ChessBase"]
[SourceDate "2013.11.20"]
[SourceVersion "1"]
[SourceVersionDate "2013.11.20"]
[SourceQuality "1"]

1. e4 e5 2. Nf3 d6 3. d4 exd4 4. Nxd4 Nf6 5. Nc3 Be7 6. Be2 0-0 7. 0-0 c5 8. Nb3 Nc6 9. Bf4 Be6 10. Nd5 Nxe4 11. Nxe7+ Nxe7 12. f3 Nf6 13. Qxd6 b6 14. c4 Ng6 15. Qxd8 Raxd8 16. Bg5 Ne5 17. Rfc1 Bf5 18. Kf2 Rfe8 19. Rc3 Nd3+ 20. Bxd3 Rxd3 21. Bxf6 gxf6 22. Re1 Rxe1 23. Kxe1 Rxc3 24. bxc3 Kg7 25. Ke2 Kg6 26. Nd2 Be6 27. Ke3 Kf5 28. h4 Ke5 29. g4 Kd6 30. a3 Bc8 31. Kf4 Be6 32. g5 Ke7 33. h5 a6 34. Ne4 fxg5+ 35. Kxg5 Bxc4 36. Kh6 Be2 37. Kxh7 Bxf3 38. Ng3 Bxh5 39. Nxh5 Ke6 40. Kg7 Kd5 41. Kxf7 Kc4 42. Ke6 Kxc3 43. Kd5 Kb3 44. Kc6 1/2-1/2

[Event "Ufa-ch Higher league"]
[Site "Ufa"]
[Date "2011.11.28"]
[Round "9.5"]
[White "Tukhvatullin, Vladislav"]
[Black "Imashev, Ildar"]
[Result "1/2-1/2"]
[WhiteElo "2293"]
[BlackElo "2266"]
[PlyCount "42"]
[EventDate "2011.11.20"]
[EventType "tourn"]
[EventRounds "9"]
[EventCountry "RUS"]
[SourceTitle "EXT 2022"]
[Source "ChessBase"]
[SourceDate "2021.10.06"]
[SourceVersion "1"]
[SourceVersionDate "2021.10.06"]
[SourceQuality "1"]

1. e4 e5 2. Nf3 Nf6 3. Nxe5 d6 4. Nf3 Nxe4 5. Nc3 Nxc3 6. dxc3 Be7 7. Be3 0-0 8. Qd2 Nc6 9. 0-0-0 Ne5 10. h4 Bf6 11. Kb1 Be6 12. Ng5 Qd7 13. f3 Rfe8 14. Bd4 c5 15. Bxe5 Bxe5 16. Bd3 h6 17. Nxe6 Qxe6 18. g4 Qf6 19. Bf5 g6 20. Be4 Bf4 21. Qd3 Kg7 1/2-1/2

[Event "Ufa-ch Higher league"]
[Site "Ufa"]
[Date "2011.11.25"]
[Round "6.2"]
[White "Tukhvatullin, Vladislav"]
[Black "Zatokovenko, Igor"]
[Result "1-0"]
[WhiteElo "2293"]
[BlackElo "2268"]
[PlyCount "101"]
[EventDate "2011.11.20"]
[EventType "tourn"]
[EventRounds "9"]
[EventCountry "RUS"]
[SourceTitle "EXT 2022"]
[Source "ChessBase"]
[SourceDate "2021.10.06"]
[SourceVersion "1"]
[SourceVersionDate "2021.10.06"]
[SourceQuality "1"]

1. e4 e5 2. Nf3 Qe7 3. Bc4 d6 4. 0-0 Be6 5. Bxe6 Qxe6 6. d4 Be7 7. b3 Nd7 8. Bb2 Nh6 9. Nbd2 0-0 10. Nc4 f6 11. a4 Rfe8 12. Re1 Bf8 13. Qd2 Nf7 14. Rad1 Nd8 15. a5 a6 16. Ne3 Qf7 17. d5 g6 18. c4 Bh6 19. Qe2 Rf8 20. b4 Qe7 21. Nd2 Nf7 22. Nb3 Rfc8 23. Ba3 Bf8 24. Ra1 Kg7 25. c5 Qe8 26. Rec1 Be7 27. Qd3 Qf8 28. c6 bxc6 29. dxc6 Nb8 30. Rc3 Nd8 31. Rac1 Qf7 32. Nd5 Bf8 33. g3 Qe8 34. Qc2 Ne6 35. f4 exf4 36. gxf4 Be7 37. f5 Ng5 38. h4 Nf7 39. Nd4 Bd8 40. Ne6+ Kh8 41. Bb2 Ne5 42. Qd2 Nbxc6 43. Qh6 Qg8 44. Rg3 Nf7 45. Nxd8 Nxh6 46. Bxf6+ Qg7 47. Bxg7+ Kxg7 48. Ne6+ Kf7 49. Rxc6 gxf5 50. Rg7+ Kxe6 51. Re7# 1-0

[Event "Ufa-ch Higher league"]
[Site "Ufa"]
[Date "2011.11.23"]
[Round "4.3"]
[White "Tukhvatullin, Vladislav"]
[Black "Jamilov, Robert F"]
[Result "0-1"]
[WhiteElo "2293"]
[BlackElo "2421"]
[PlyCount "68"]
[EventDate "2011.11.20"]
[EventType "tourn"]
[EventRounds "9"]
[EventCountry "RUS"]
[SourceTitle "EXT 2022"]
[Source "ChessBase"]
[SourceDate "2021.10.06"]
[SourceVersion "1"]
[SourceVersionDate "2021.10.06"]
[SourceQuality "1"]

1. e4 e5 2. Nf3 d6 3. d4 exd4 4. Nxd4 Nf6 5. Nc3 g6 6. Be3 Bg7 7. Qd2 0-0 8. 0-0-0 Re8 9. f3 d5 10. Nb3 c6 11. Bh6 Bh8 12. exd5 cxd5 13. Bc4 Nc6 14. Nxd5 Be6 15. Bg5 Bxd5 16. Bxd5 Qb6 17. Bxc6 bxc6 18. Rhe1 Nd5 19. Rxe8+ Rxe8 20. Re1 Rb8 21. Bh4 Qa6 22. Kb1 Nb6 23. Qd6 Qc8 24. Bf6 Nc4 25. Qf4 Bxf6 26. Qxf6 Qd7 27. Qf4 Rb4 28. Kc1 Ra4 29. Rd1 Qxd1+ 30. Kxd1 Nxb2+ 31. Kc1 Rxf4 32. Kxb2 Kf8 33. Na5 Rb4+ 34. Kc3 Rb5 0-1

[Event "Sterlitamak op"]
[Site "Sterlitamak"]
[Date "2011.07.04"]
[Round "8"]
[White "Kashapov, Sergey"]
[Black "Tukhvatullin, Vladislav"]
[Result "1/2-1/2"]
[WhiteElo "1980"]
[BlackElo "2256"]
[PlyCount "96"]
[EventDate "2011.06.27"]
[EventType "swiss"]
[EventRounds "9"]
[EventCountry "RUS"]
[SourceTitle "EXT 2012"]
[Source "ChessBase"]
[SourceDate "2011.11.24"]
[SourceVersion "1"]
[SourceVersionDate "2011.11.24"]
[SourceQuality "1"]

1. Nf3 c5 2. d3 g6 3. e4 Bg7 4. g3 Nc6 5. Bg2 d6 6. Nc3 e6 7. 0-0 Nge7 8. Nh4 0-0 9. f4 Rb8 10. Bh3 f5 11. g4 b5 12. exf5 exf5 13. gxf5 Nxf5 14. Nxf5 Bxf5 15. Bg2 Ne7 16. Ne4 d5 17. Ng3 Bc8 18. Re1 Qd6 19. Rb1 Nf5 20. Nxf5 Bxf5 21. Be3 b4 22. Qf3 Rbd8 23. Qf2 Rc8 24. Qf3 Rfd8 25. Bf2 a5 26. Bh4 Rd7 27. Bh3 Bxh3 28. Qxh3 Rf8 29. Qe6+ Qxe6 30. Rxe6 Rxf4 31. Bg3 Rf5 32. Ra6 Bd4+ 33. Kg2 Re7 34. Re1 Rxe1 35. Bxe1 Bxb2 36. Rxa5 Bd4 37. a4 bxa3 38. Rxa3 Kg7 39. Bg3 Rf7 40. c3 Be3 41. Be5+ Kh6 42. c4 Rf5 43. Bg3 dxc4 44. dxc4 Bd4 45. Rf3 Kg5 46. Bc7 Rxf3 47. Kxf3 Kf5 48. Bd6 g5 1/2-1/2

[Event "Sterlitamak op"]
[Site "Sterlitamak"]
[Date "2011.07.02"]
[Round "6"]
[White "Nikitina, Elena"]
[Black "Tukhvatullin, Vladislav"]
[Result "1/2-1/2"]
[WhiteElo "2030"]
[BlackElo "2256"]
[PlyCount "56"]
[EventDate "2011.06.27"]
[EventType "swiss"]
[EventRounds "9"]
[EventCountry "RUS"]
[SourceTitle "EXT 2012"]
[Source "ChessBase"]
[SourceDate "2011.11.24"]
[SourceVersion "1"]
[SourceVersionDate "2011.11.24"]
[SourceQuality "1"]

1. d4 g6 2. Nf3 Bg7 3. g3 Nf6 4. Bg2 0-0 5. 0-0 d6 6. c4 Nc6 7. Nc3 a6 8. b3 Bf5 9. Bb2 Ne4 10. Nxe4 Bxe4 11. Qd2 e5 12. d5 Ne7 13. Nh4 Bxg2 14. Nxg2 f5 15. f3 c5 16. dxc6 bxc6 17. e4 d5 18. cxd5 cxd5 19. exd5 Qxd5 20. Qxd5+ Nxd5 21. Rfe1 Rfe8 22. Rad1 Rad8 23. a3 Kf7 24. Kf2 g5 25. Re2 Bf6 26. Rde1 Rb8 27. b4 e4 28. Bxf6 Nxf6 1/2-1/2

[Event "Sterlitamak op"]
[Site "Sterlitamak"]
[Date "2011.06.28"]
[Round "2"]
[White "Timankin, Fedor"]
[Black "Tukhvatullin, Vladislav"]
[Result "1/2-1/2"]
[WhiteElo "1988"]
[BlackElo "2256"]
[PlyCount "102"]
[EventDate "2011.06.27"]
[EventType "swiss"]
[EventRounds "9"]
[EventCountry "RUS"]
[SourceTitle "EXT 2012"]
[Source "ChessBase"]
[SourceDate "2011.11.24"]
[SourceVersion "1"]
[SourceVersionDate "2011.11.24"]
[SourceQuality "1"]

1. d4 Nf6 2. c4 g6 3. Nc3 Bg7 4. e4 d6 5. f3 0-0 6. Be3 c5 7. dxc5 dxc5 8. Qxd8 Rxd8 9. Bxc5 Nc6 10. Rd1 Rxd1+ 11. Kxd1 Nd7 12. Be3 Bxc3 13. bxc3 Nde5 14. f4 Ng4 15. Kd2 Be6 16. Nf3 Rd8+ 17. Nd4 Na5 18. h3 Nf6 19. Bd3 Bxc4 20. Bxc4 Nxc4+ 21. Kd3 b5 22. Rb1 a6 23. a4 e5 24. fxe5 Nxe5+ 25. Kc2 Nxe4 26. axb5 Nc4 27. Bc1 axb5 28. Rxb5 Rc8 29. Ne2 Kg7 30. Kb3 Ned6 31. Rd5 Kf6 32. Rd4 Re8 33. Nf4 Re1 34. Nd3 Rg1 35. g3 Ke7 36. Bf4 Rb1+ 37. Ka2 Rb7 38. Bxd6+ Nxd6 39. c4 f5 40. g4 g5 41. gxf5 Nxf5 42. Rd5 Kf6 43. Nc5 Ra7+ 44. Kb3 Ne3 45. Ne4+ Kg6 46. Rxg5+ Kh6 47. Rb5 Re7 48. Nd6 Kg6 49. c5 Kf6 50. c6 Ke6 51. Nc4 Nd5 1/2-1/2

[Event "Privolzhskogo FO-ch"]
[Site "Togliatti"]
[Date "2011.03.18"]
[Round "9"]
[White "Nikolaeva, Alexandra"]
[Black "Tukhvatullin, Vladislav"]
[Result "0-1"]
[WhiteElo "2192"]
[BlackElo "2310"]
[PlyCount "62"]
[EventDate "2011.03.10"]
[EventType "swiss"]
[EventRounds "9"]
[EventCountry "RUS"]
[SourceTitle "CBM 141 Extra"]
[Source "ChessBase"]
[SourceDate "2011.05.03"]
[SourceVersion "1"]
[SourceVersionDate "2011.05.03"]
[SourceQuality "1"]

1. d4 b6 2. c4 Bb7 3. Nc3 Nf6 4. f3 d6 5. e4 Nbd7 6. Bd3 e5 7. d5 Be7 8. Nge2 Nh5 9. 0-0 Bg5 10. g3 Bxc1 11. Rxc1 a6 12. Qd2 h6 13. Kh1 0-0 14. f4 Nhf6 15. b4 Qe7 16. Ng1 c6 17. dxc6 Bxc6 18. f5 b5 19. Nd5 Bxd5 20. cxd5 Rfc8 21. Qf2 Qd8 22. h3 Qb6 23. Qxb6 Nxb6 24. Ne2 Na4 25. Bb1 Nb2 26. Rc3 Rxc3 27. Nxc3 Rc8 28. Rf3 Na4 29. Ne2 Rc4 30. Rb3 Nxe4 31. Bd3 Nf2+ 0-1

[Event "Privolzhskogo FO-ch"]
[Site "Togliatti"]
[Date "2011.03.13"]
[Round "4"]
[White "Tukhvatullin, Vladislav"]
[Black "Glukhov, Alexander"]
[Result "1/2-1/2"]
[WhiteElo "2310"]
[BlackElo "2050"]
[PlyCount "104"]
[EventDate "2011.03.10"]
[EventType "swiss"]
[EventRounds "9"]
[EventCountry "RUS"]
[SourceTitle "CBM 141 Extra"]
[Source "ChessBase"]
[SourceDate "2011.05.03"]
[SourceVersion "1"]
[SourceVersionDate "2011.05.03"]
[SourceQuality "1"]

1. e4 c5 2. Nf3 g6 3. d4 cxd4 4. Nxd4 Nf6 5. Nc3 d6 6. Be3 Bg7 7. f3 0-0 8. Qd2 Nc6 9. Bc4 a5 10. 0-0-0 a4 11. a3 Bd7 12. Kb1 Qa5 13. h4 Rfc8 14. Ba2 Ne5 15. h5 Nc4 16. Bxc4 Rxc4 17. hxg6 hxg6 18. g4 b5 19. Na2 Qxd2 20. Rxd2 Ne8 21. c3 Nc7 22. Nb4 Re8 23. Ndc2 Ne6 24. Nd5 Rcc8 25. Rdh2 Bc6 26. Ncb4 Bxd5 27. Nxd5 Nc7 28. Bd4 Bxd4 29. Nxc7 Rxc7 30. cxd4 Kg7 31. g5 Rg8 32. Rh7+ Kf8 33. Rc1 Rxc1+ 34. Kxc1 e6 35. Kd2 Ke7 36. Kc3 Rc8+ 37. Kb4 Rc2 38. Kxb5 Rxb2+ 39. Kxa4 Rd2 40. Kb5 Rxd4 41. a4 d5 42. e5 Rd3 43. Rh4 Rd1 44. a5 d4 45. a6 Rb1+ 46. Kc6 Ra1 47. Kb7 Rb1+ 48. Kc7 Rc1+ 49. Kb7 Rb1+ 50. Kc6 Ra1 51. Kb5 Rb1+ 52. Kc5 Ra1 1/2-1/2

[Event "Ufa Kopylov Memorial"]
[Site "Ufa"]
[Date "2010.12.26"]
[Round "6"]
[White "Tukhvatullin, Vladislav"]
[Black "Nozdrin, Alexander V"]
[Result "0-1"]
[WhiteElo "2256"]
[BlackElo "2367"]
[PlyCount "32"]
[EventDate "2010.12.21"]
[EventType "tourn"]
[EventRounds "9"]
[EventCountry "RUS"]
[EventCategory "4"]
[SourceTitle "CBM 140 Extra"]
[Source "ChessBase"]
[SourceDate "2011.03.01"]
[SourceVersion "1"]
[SourceVersionDate "2011.03.01"]
[SourceQuality "1"]

1. e4 c6 2. d4 d5 3. e5 g6 4. Nc3 Bg7 5. f4 h5 6. Nf3 Bg4 7. Be3 Nh6 8. Be2 Nf5 9. Bf2 h4 10. e6 f6 11. Nd2 Bxe2 12. Qxe2 Qd6 13. 0-0-0 Qxf4 14. Nxd5 cxd5 15. Qb5+ Nc6 16. Qxb7 0-0 0-1

[Event "Ufa Kopylov Memorial+"]
[Site "Ufa"]
[Date "2010.12.21"]
[Round "1"]
[White "Tukhvatullin, Vladislav"]
[Black "Stepanov, Evgeny"]
[Result "1/2-1/2"]
[WhiteElo "2256"]
[BlackElo "2312"]
[PlyCount "79"]
[EventDate "2010.12.21"]
[EventType "tourn"]
[EventRounds "9"]
[EventCountry "RUS"]
[EventCategory "4"]
[SourceTitle "CBM 140 Extra"]
[Source "ChessBase"]
[SourceDate "2011.03.01"]
[SourceVersion "1"]
[SourceVersionDate "2011.03.01"]
[SourceQuality "1"]

1. e4 c5 2. Nf3 Nc6 3. d4 cxd4 4. Nxd4 e6 5. Nc3 Qc7 6. g3 Nf6 7. Bg2 a6 8. 0-0 Bc5 9. Nb3 Ba7 10. Bg5 Ne5 11. a4 d6 12. Qe2 Nc4 13. Nd1 Bd7 14. Nd2 Rc8 15. Nxc4 Qxc4 16. Qxc4 Rxc4 17. Be3 Bb8 18. Nc3 Ng4 19. Bb6 Rb4 20. Ba5 Rc4 21. Rfd1 Ba7 22. Rd2 Ke7 23. h3 Ne5 24. Rad1 Bc5 25. Kh1 Nc6 26. Bc7 Rd4 27. Rxd4 Bxd4 28. Nd5+ exd5 29. exd5 Ne5 30. Rxd4 Rc8 31. Ba5 Rxc2 32. f4 Nc4 33. Re4+ Kf8 34. Bc7 f5 35. Re1 Bxa4 36. Bf1 Nxb2 37. Bxd6+ Kg8 38. Re7 Rc1 39. Kg2 Bb3 40. Re8+ 1/2-1/2

[Event "Bashkortostan-ch"]
[Site "Oktjabrsky"]
[Date "2010.12.19"]
[Round "9.1"]
[White "Tukhvatullin, Vladislav"]
[Black "Dubov, Danil"]
[Result "0-1"]
[WhiteElo "2302"]
[BlackElo "2195"]
[PlyCount "82"]
[EventDate "2010.12.14"]
[EventType "swiss"]
[EventRounds "9"]
[EventCountry "RUS"]
[SourceTitle "EXT 2022"]
[Source "ChessBase"]
[SourceDate "2021.10.06"]
[SourceVersion "1"]
[SourceVersionDate "2021.10.06"]
[SourceQuality "1"]

1. e4 g6 2. d4 Bg7 3. c4 d6 4. Nc3 Nf6 5. Be2 0-0 6. Nf3 e5 7. 0-0 Nbd7 8. Be3 exd4 9. Nxd4 Re8 10. f3 c6 11. Nc2 Qe7 12. Re1 Nb6 13. Qd2 Be6 14. b3 Rac8 15. Rad1 d5 16. exd5 cxd5 17. c5 Rxc5 18. Bxc5 Qxc5+ 19. Nd4 Bd7 20. Kh1 Nh5 21. Nb1 h6 22. b4 Qd6 23. Nb5 Qf6 24. Bf1 Rxe1 25. Qxe1 Qf4 26. Nxa7 Be5 27. g3 Qxf3+ 28. Bg2 Qg4 29. Na3 Bb8 30. N7b5 Nxg3+ 31. hxg3 Bxg3 32. Qd2 Nc4 33. Qd4 Qh4+ 34. Kg1 Qh2+ 35. Kf1 Bh3 36. Bxh3 Qxh3+ 37. Kg1 Qh2+ 38. Kf1 Qh1+ 39. Ke2 Qh5+ 40. Kf1 Qf3+ 41. Kg1 Ne3 0-1

[Event "Bashkortostan-ch"]
[Site "Oktjabrsky"]
[Date "2010.12.18"]
[Round "7.1"]
[White "Kashapov, Sergey"]
[Black "Tukhvatullin, Vladislav"]
[Result "0-1"]
[WhiteElo "1980"]
[BlackElo "2302"]
[PlyCount "78"]
[EventDate "2010.12.14"]
[EventType "swiss"]
[EventRounds "9"]
[EventCountry "RUS"]
[SourceTitle "EXT 2022"]
[Source "ChessBase"]
[SourceDate "2021.10.06"]
[SourceVersion "1"]
[SourceVersionDate "2021.10.06"]
[SourceQuality "1"]

1. e4 c5 2. Nf3 d6 3. d4 cxd4 4. Nxd4 Nf6 5. Nc3 a6 6. Bc4 e6 7. a3 Be7 8. f3 Qc7 9. Bb3 Nc6 10. Be3 Na5 11. 0-0 b5 12. g4 Nc4 13. Ndxb5 axb5 14. Nxb5 Qc6 15. Bxc4 Qxc4 16. Nxd6+ Bxd6 17. Qxd6 Ra6 18. Qc5 Qxc5 19. Bxc5 Rc6 20. b4 Rxc5 21. bxc5 Kd8 22. a4 Kc7 23. a5 Ba6 24. Rfd1 Be2 25. Rd3 Bxd3 26. cxd3 e5 27. Kf2 Nd7 28. Rc1 Ra8 29. Ke3 Rxa5 30. c6 Nc5 31. Rc3 Ne6 32. f4 exf4+ 33. Kf3 g5 34. Rc4 Rc5 35. Ra4 Kxc6 36. d4 Rc3+ 37. Kf2 Rc2+ 38. Kg1 Kb5 39. Ra7 Rc7 0-1

[Event "Bashkortostan-ch"]
[Site "Oktjabrsky"]
[Date "2010.12.16"]
[Round "4.1"]
[White "Sabiryanov, Ainur"]
[Black "Tukhvatullin, Vladislav"]
[Result "1/2-1/2"]
[WhiteElo "2081"]
[BlackElo "2302"]
[PlyCount "39"]
[EventDate "2010.12.14"]
[EventType "swiss"]
[EventRounds "9"]
[EventCountry "RUS"]
[SourceTitle "EXT 2022"]
[Source "ChessBase"]
[SourceDate "2021.10.06"]
[SourceVersion "1"]
[SourceVersionDate "2021.10.06"]
[SourceQuality "1"]

1. e4 c5 2. Nf3 e6 3. d4 cxd4 4. Nxd4 a6 5. Nc3 b5 6. Bd3 Qb6 7. Nf3 Bb7 8. Be3 Qc7 9. 0-0 Nc6 10. a3 Nf6 11. Qd2 Be7 12. Rad1 0-0 13. Nd4 d6 14. f3 Ne5 15. Kh1 Rac8 16. Qe2 Nc4 17. Ndxb5 axb5 18. Nxb5 Qc6 19. Na7 Qc7 20. Nb5 1/2-1/2